Harry Potter commençant par I-J-K par images - Statistiques

Statistiques générales
  • Ce quiz a été pris 301 fois
    299 depuis la dernière actualisation
  • Le résultat moyen est 11 sur 16
Statistiques - réponses
Par images Hint Réponse % Correct
Objet magique Cape d'{Invisibilité}
100%
Personnage Victor {Krum}
99%
Personnage Tom {Jedusor}
97%
Personnage {James} Potter
96%
Lieu {Infirmerie}
92%
Personnage {Kreattur}
81%
Horcruxe {Journal} {intime}
71%
Personnage {Igor} {Karkaroff}
70%
Sorts interdits Sortilèges {impardonnables}
69%
Gare {King}'{s} {Cross}
67%
Sort "Soleil, jonquille et canari, que ce gros gras rat gris en {jaune} soit colorié de la tête jusqu'aux pieds"
66%
Personnage {Kingsley} Shacklebolt
56%
Sort de feu {Incendio}
53%
Personnage {Justin} Finch-Fletchley
40%
Créature {Joncheruine}
18%
Sort faisant apparaître des cordes {Incarcerem}
15%
Aucun quiz correspondant
Distribution des résultats
% des personnes avec chaque résultat
Percentile par nombre de réponses
Votre historique - résultats
Vous n’avez pas pris ce quiz depuis la dernière actualisation